000 00712nam a2200289Ia 4500
005 20260324134421.0
008 008 260324s9999 xx 000 0 eng d
020 _a9780203953112
037 _aEBOOK
040 _aCRL
040 _beng
040 _cCRL
041 _2eng
041 _aeng
084 _qCRL
100 _aMohamed Nimer
_91196734
245 4 _aThe North American Muslim Resource Guide
245 0 _bMuslim Community Life in the United States and Canada
260 _bTaylor and Francis
260 _c2002
365 _a
365 _b160
856 _uhttp://www.taylorfrancis.com/books/9780203953112
942 _cEBOOK
999 _c1796812
_d1796812